| 000 | 00731cam a2200217 4500 | ||
|---|---|---|---|
| 008 | 090401t1999 xxu||||| |||| 00| 0 eng d | ||
| 020 | _a042163460X | ||
| 035 | _a(Sirsi) u99859 | ||
| 041 | _aENG | ||
| 100 | _aTreitel, G.H. | ||
| 245 | 4 | _aThe law of contract. | |
| 250 | _a10th | ||
| 260 |
_aLondon _bSweet & Maxwell _c1999 |
||
| 300 | _axcv, 1015p. ; 23cm. | ||
| 350 | _a29.00 | ||
| 520 | _aThis new edition takes account of more than 250 new cases, including those that have made important changes to the law relating to damages and other remedies. New legislation such aste Arbitration Act and the Competition Act are analysed. | ||
| 650 | _aLAW OF CONTRACT | ||
| 690 | _aLAW | ||
| 942 | _n0 | ||
| 948 | _c21/04/1999 | ||
| 999 |
_c99497 _d99497 |
||